• 首页
  • 本馆介绍
  • 公告通知
  • 最新文献
  • 馆藏检索
  • 电子资源
  • 读者导购
  • 参考咨询
  • 我的图书馆
  • 登录
  • 详细信息显示
  • 放入我的书架
  • 预约/预借图书
  • 作者相关作品
  • 分类相关作品
  • 丛书相关作品
  • 出版社相关作品

书目信息

  • 表格格式
  • 工作单格式
  • 卡片格式
题名:
当今德国教育概览
    
 
作者: 李昌芳 , 梁翠英 主编
分册:  
出版信息: 郑州   河南教育出版社  1994.2
页数: 229页
开本: 20cm
丛书名: 当今世界教育概览丛书
单 册:
中图分类: G551.6
科图分类: 38.3518
主题词: 教育--概况--德国
电子资源:
ISBN: 7-5347-1450-8
000 01048nam2 2200313 45
001 0194025184
005 20070724103820.68
010    @a7-5347-1450-8@dCNY4.80
100    @a19940711d1994 em y0chiy0121 ea
101 0  @achi
102    @aCN@b410000
105    @ay z 000yy
200 10 @a当今德国教育概览@ADANG JIN DE GUO JIAO YU GAI LAN@f李昌芳,梁翠英著@FLI CHANG FANG , LIANG CUI YING ZHU
210    @a郑州@c河南教育出版社@d1994.2
215    @a229页@d20cm
225 2  @a当今世界教育概览丛书@f郑德鑫主编
300    @a英文题名:Current Germany education survey
304    @a李昌芳(1939~ ),光明日报驻波恩记者站记者
304    @a梁翠英(1940~ ),女,光明日报驻波恩记者站工作
410  0 @120010@a当今世界教育概览丛书
510 1  @aCurrent Germany education survey@zeng
540 1  @a德国 教育@ADE GUO JIAO YU
606    @a教育@x概况@y德国
690    @aG551.6@v三版
692    @a38.3518
701  0 @a李昌芳@ALI CHANG FANG@4主编
701  0 @a梁翠英@ALIANG CUI YING@4著
801  0 @aCN@bTSSF@c20070724
905    @a10447@dG551.6@e40
    
    当今德国教育概览/李昌芳,梁翠英著.-郑州:河南教育出版社,1994.2
    229页;20cm.-(当今世界教育概览丛书/郑德鑫主编)
    英文题名:Current Germany education survey
    
    ISBN 7-5347-1450-8:CNY4.80
    
●
相关链接 在E读中查询图书 在五车中查询图书 在当当中查询图书 在豆瓣中查询图书


正题名:当今德国教育概览     索取号:G551.6/40         预约/预借

序号 登录号 条形码 馆藏地/架位号 状态 备注
1 0769506   207695065   第一样本阅览室/ [索取号:G551.6/40] 在馆    
唐山师范学院图书馆 欢迎您!
大连网信软件有限公司© 版权所有